000 005040000a22001690004500
090 _aAR
_b03284
245 1 0 _aAves endémicas de Colombia
650 1 4 _aAvifauna
_992441
650 1 4 _aConservación de biodiversidad
_9345
650 1 4 _aListas de aves
_996886
650 1 4 _aEndemismo
_948559
651 4 _pColombia
_992749
041 0 _aEspañol
100 1 _aStiles, F. Gary
_9877
942 _cARTICULO
773 1 _tInforme Nacional sobre el Estado de la biodiversidad -tomo 1-1997
_3893
_q378-432
_d1997
_g1
999 _c12335
_d12335